000 00813nam a22002537a 4500
001 8079
003 FISKH
005 20250828100730.0
008 250821b cb ||||| |||| 00| 0 eng d
020 _a9780516278100
040 _aFISKH
_beng
_cFISKH
_dFISKH
050 _aPZ8.M5514 W
082 _a813
100 _aMeister, Cari
245 _aWhat can I be?
_cWritten by Cari Meister ; Illustrated by Matt Phillips
260 _aNew York :
_bChildren's Press,
_c2003.
300 _a22 pages :
_bcolor illustrations ;
_c18 cm
505 _aA
520 _aA young girl wonders what she can be as she tries on different costumes from her dress-up box, and finds that being herself is the best choice.
521 8 _a10
_bLexile
521 8 _aA
_bRaz-Plus
942 _2ddc
_cBK
_n0
999 _c8079
_d8079